Policing Delhi : (Record no. 58284)

MARC details
000 -LEADER
fixed length control field 01051nam a22002777a 4500
005 - DATE AND TIME OF LATEST TRANSACTION
control field 20140507105701.0
010 ## - LCCN (DPL NO)
LC control number ENG-104079 B-461957-961
020 ## - INTERNATIONAL STANDARD BOOK NUMBER
International Standard Book Number 9780198075950
Terms of availability 545.00
020 ## - INTERNATIONAL STANDARD BOOK NUMBER
International Standard Book Number 0198075952
Terms of availability 545.00
035 ## - SYSTEM CONTROL NUMBER
System control number EN-87612 B-461957-961
035 ## - SYSTEM CONTROL NUMBER
System control number B-514044-049
037 ## - SOURCE OF ACQUISITION
Source of stock number/acquisition DBAD/PUB
037 ## - SOURCE OF ACQUISITION
Source of stock number/acquisition BSB/Ven
Stock number dpl
037 ## - SOURCE OF ACQUISITION
Source of stock number/acquisition Allied Pub/Ven
082 ## - DEWEY DECIMAL CLASSIFICATION NUMBER
Classification number 363.2095456
100 ## - MAIN ENTRY--PERSONAL NAME
Personal name Mishra, O.P.
245 ## - TITLE STATEMENT
Title Policing Delhi :
Statement of responsibility, etc by O.P. Mishra
Remainder of title urbanization, crime, and law enforcement /
260 ## - PUBLICATION, DISTRIBUTION, ETC. (IMPRINT)
Place of publication, distribution, etc New Delhi
Name of publisher, distributor, etc Oxford University Press
Date of publication, distribution, etc 2011
270 ## - ADDRESS
Address YMCA Library Building, 1, Jai Singh Road
City New Delhi
Postal code 110001
300 ## - PHYSICAL DESCRIPTION
Extent xx,269p. :
Dimensions 22cm (Hb)
Other physical details maps
500 ## - GENERAL NOTE
General note Includes bibliographical references
520 ## - SUMMARY, ETC.
Summary, etc Contributed articles.
942 ## - ADDED ENTRY ELEMENTS (KOHA)
Source of classification or shelving scheme Dewey Decimal Classification
Item type English Books
Call number suffix MIS
Classification part 363.2095456
Holdings
Withdrawn status Lost status Not for loan Collection code Home library Current library Date acquired Source of acquisition Cost, normal purchase price Full call number Barcode Copy number Cost, replacement price Koha item type
      Non-fiction Central Library Central Library 18/05/2012 Allied Pub/1828/31.01.2012/27/18.01.2012/10.02.2012 545.00 363.2095456 MIS B-461957 1 545.00 English Books
      Non-fiction Central Library Central Library 07/05/2014 BSB/892/14.03.2013/169/08.03.2013/23.03.2013 595.00 363.2095456 MIS B-514044 1 595.00 English Books
    Not For Loan Non-fiction D.B.Act.Division D.B.Act.Division 09/11/2011 DBAD/PUB 545.00 363.2095456 MIS EN-87612 1 545.00 English Books
      Non-fiction Janak Puri Janak Puri 07/05/2014 BSB/892/14.03.2013/169/08.03.2013/23.03.2013 595.00 363.2095456 MIS B-514046 1 595.00 English Books
      Non-fiction Karol Bagh Karol Bagh 18/05/2012 Allied Pub/1828/31.01.2012/27/18.01.2012/10.02.2012 545.00 363.2095456 MIS B-461960 1 545.00 English Books
      Non-fiction Karol Bagh Karol Bagh 07/05/2014 BSB/892/14.03.2013/169/08.03.2013/23.03.2013 595.00 363.2095456 MIS B-514048 1 595.00 English Books
      Non-fiction Patel Nagar Patel Nagar 18/05/2012 Allied Pub/1828/31.01.2012/27/18.01.2012/10.02.2012 545.00 363.2095456 MIS B-461958 1 545.00 English Books
      Non-fiction Patel Nagar Patel Nagar 07/05/2014 BSB/892/14.03.2013/169/08.03.2013/23.03.2013 595.00 363.2095456 MIS B-514045 1 595.00 English Books
      Non-fiction Sarojini Nagar Sarojini Nagar 18/05/2012 Allied Pub/1828/31.01.2012/27/18.01.2012/10.02.2012 545.00 363.2095456 MIS B-461959 1 545.00 English Books
      Non-fiction Sarojini Nagar Sarojini Nagar 07/05/2014 BSB/892/14.03.2013/169/08.03.2013/23.03.2013 595.00 363.2095456 MIS B-514047 1 595.00 English Books
      Non-fiction Shahdara Branch Shahdara Branch 18/05/2012 Allied Pub/1828/31.01.2012/27/18.01.2012/10.02.2012 545.00 363.2095456 MIS B-461961 1 545.00 English Books
      Non-fiction Shahdara Branch Shahdara Branch 07/05/2014 BSB/892/14.03.2013/169/08.03.2013/23.03.2013 595.00 363.2095456 MIS B-514049 1 595.00 English Books

© Delhi Public Library
Hit Counter
free hit counter